Statystyki dla Który kraj?

Kliknij tutaj aby rozwiązać quiz!

Ogólne statystyki

  • Ten quiz został rozwiązany 44 razy
  • Średni wynik to 4 z 9

Statystyki odpowiedzi

PytanieKraj% Poprawnych
Który kraj jest najsilniejszy?Stany Zjednoczone
90%
W każdym kraju dla drugiej co do wielkości gospodarki?Chiny
74%
Najbardziej zaludniony kraj?Chiny
67%
Który kraj nie jest krajem?Tajwan
44%
Który kraj jest najbezpieczniejszy?Islandia
36%
Który kraj jest trendy?Rosja
33%
Który kraj jest najbardziej niebezpieczny?Afganistan
28%
Polska waluta?Polski Złoty
23%
Który kraj nie jest krajem?Sealandia
15%

Rozkład punktacji

Percentyl według liczby udzielonych odpowiedzi

Procent ludzi z każdym wynikiem

Twoja historia wyników

Nie rozwiązałeś tego quizu